Historia de Santo Domingo / (Record no. 142717)

MARC details
000 -LEADER
campo de control de longitud fija 00621nam a2200193 i 4500
001 - NÚMERO DE CONTROL
campo de control 142717
003 - IDENTIFICADOR DE NÚMERO DE CONTROL
campo de control ES-MaACL
005 - FECHA Y HORA DE LA ÚLTIMA TRANSACCIÓN
campo de control 20230906200614.0
007 - CAMPO FIJO DE DESCRIPCIÓN FÍSICA--INFORMACIÓN GENERAL
campo de control de longitud fija t|
008 - DATOS DE LONGITUD FIJA--INFORMACIÓN GENERAL
campo de control de longitud fija 071009s1964 sp ||||1| spa d
100 1# - ENTRADA PRINCIPAL--NOMBRE DE PERSONA
Nombre de persona Vicaire, Marie-Humbert.
9 (RLIN) 114307
245 10 - MENCIÓN DEL TÍTULO
Título Historia de Santo Domingo /
Mención de responsabilidad, etc. M.-H. Vicaire ; [versión española por A. Velasco y A. Conchado].
260 ## - PUBLICACIÓN, DISTRIBUCIÓN, ETC.
Lugar de publicación, distribución, etc. Barcelona :
Nombre del editor, distribuidor, etc. Juan Flors,
Fecha de publicación, distribución, etc. 1964.
300 ## - DESCRIPCIÓN FÍSICA
Extensión XXI, 699 p., 13 lám. ;
Dimensiones 24 cm.
600 14 - PUNTO DE ACCESO ADICIONAL DE MATERIA--NOMBRE DE PERSONA
Nombre de persona Domingo de Guzmán
Títulos y otros términos asociados al nombre Santo.
9 (RLIN) 45135
700 1# - ENTRADA AGREGADA--NOMBRE PERSONAL
Nombre de persona Velasco, A.
9 (RLIN) 113708
700 1# - ENTRADA AGREGADA--NOMBRE PERSONAL
Nombre de persona Conchado, A.
9 (RLIN) 40078
852 ## - LOCALIZACIÓN
Ubicación ES-MaACL
Número de control de estantería C-25216
Sublocalización o colección R.54153
Holdings
Estatus retirado Estado de pérdida Estado de daño No para préstamo Biblioteca de origen Biblioteca actual Ubicación en estantería Fecha de adquisición Fuente de adquisición Total de préstamos Signatura topográfica completa Código de barras Visto por última vez Precio de reemplazo Tipo de ítem Koha
        Biblioteca del Ateneo de Madrid Biblioteca del Ateneo de Madrid Depósito 2 17/01/2008     C-25216 1148496 23/02/2023 23/02/2023 Libro impreso